000
00218nam a22000857a 4500
008
170626b xxu||||| |||| 00| 0 eng d
100
_9
3693
_a
Thani. L
245
_a
Skills and Tactics Racing sports
260
_a
New Delhi
_c
1995
999
_c
7115
_d
7115